Química cuántica
Uloženo v:
| Hlavní autor: | |
|---|---|
| Další autoři: | , , |
| Médium: | Kniha |
| Jazyk: | Spanish |
| Vydáno: |
Madrid, España : Pearson Educación
2001
|
| Témata: | |
| Tagy: |
Přidat tag
Žádné tagy, Buďte první, kdo vytvoří štítek k tomuto záznamu!
|
MARC
| LEADER | 00000nam a2200000Ia 4500 | ||
|---|---|---|---|
| 003 | 000544 | ||
| 005 | 20221231143940.0 | ||
| 008 | 140114s2001 sp a 000 ||spa d | ||
| 020 | |a 8420530964 | ||
| 040 | |c cru CEDI | ||
| 082 | |a 541.383 L665q | ||
| 100 | |a Levine, Sumner N. |9 19752 | ||
| 245 | |a Química cuántica | ||
| 260 | |a Madrid, España : Pearson Educación |c 2001 | ||
| 300 | |a xvi,714 páginas ; ilustraciones | ||
| 500 | |a Traducido de: Quantum Chemistry | ||
| 650 | |x QUIMICA CUANTICA |9 19753 | ||
| 700 | |9 19704 |a Requena Rodríguez, Alberto |d Traductor/a | ||
| 700 | |9 19703 |a Bastida Pascual, Adolfo |d Traductor/a | ||
| 700 | |9 19702 |a Zúñiga Román, José |d Traductor/a | ||
| 942 | |2 ddc |c BK | ||
| 999 | |c 14664 |d 14664 | ||



